Dictámen de la comisión encargada del estudio y crítica del convenio de reciprocidad comercial con los Estados Unidos (Record no. 190204)

MARC details
000 -LEADER
campo de control de longitud fija 00827nam a2200169 i 4500
001 - NÚMERO DE CONTROL
campo de control 190204
003 - IDENTIFICADOR DE NÚMERO DE CONTROL
campo de control ES-MaACL
005 - FECHA Y HORA DE LA ÚLTIMA TRANSACCIÓN
campo de control 20230906223651.0
008 - DATOS DE LONGITUD FIJA--INFORMACIÓN GENERAL
campo de control de longitud fija 200915s1892 cu |||| | spa d
110 2# - ENTRADA PRINCIPAL--NOMBRE DE ENTIDAD CORPORATIVA
Nombre de entidad corporativa o nombre de jurisdicción como elemento de entrada Comité Central de Propaganda Económica (La Habana)
9 (RLIN) 170323
245 10 - MENCIÓN DEL TÍTULO
Título Dictámen de la comisión encargada del estudio y crítica del convenio de reciprocidad comercial con los Estados Unidos
Resto del título ] : según fué aprobada por unanimidad en la sesión extraordinaria celebrada el día 11 de febrero de 1892 /
Mención de responsabilidad, etc. Comité Central de Propaganda Económica.
260 ## - PUBLICACIÓN, DISTRIBUCIÓN, ETC.
Lugar de publicación, distribución, etc. [S.l.] :
Nombre del editor, distribuidor, etc. [s.n.],
Fecha de publicación, distribución, etc. 1892 (
Lugar de fabricación/manufactura Habana :
Fabricante Imp. "La Razón")
300 ## - DESCRIPCIÓN FÍSICA
Extensión 68 p. ;
Dimensiones 26 cm.
651 #4 - PUNTO DE ACCESO ADICIONAL DE MATERIA--NOMBRE GEOGRÁFICO
Nombre geográfico Cuba-
Subdivisión general Comercio exterior-
Subdivisión geográfica Estados Unidos.
9 (RLIN) 148083
651 #4 - PUNTO DE ACCESO ADICIONAL DE MATERIA--NOMBRE GEOGRÁFICO
Nombre geográfico Estados Unidos-
Subdivisión general Comercio exterior-
Subdivisión geográfica Cuba.
9 (RLIN) 148084
852 ## - LOCALIZACIÓN
Ubicación ES-MaACL
Número de control de estantería T-694-F-7
Holdings
Estatus retirado Estado de pérdida Estado de daño No para préstamo Colección Biblioteca de origen Biblioteca actual Ubicación en estantería Fecha de adquisición Fuente de adquisición Total de préstamos Signatura topográfica completa Código de barras Visto por última vez Precio de reemplazo Tipo de ítem Koha
        Colección de folletos Biblioteca del Ateneo de Madrid Biblioteca del Ateneo de Madrid Depósito folletos 20/05/2005     T-694-F-7 1201986 23/02/2023 23/02/2023 Folleto